La isla de Puerto-Rico (Record no. 154397)

MARC details
000 -LEADER
campo de control de longitud fija 01058nam a22002175i 4500
001 - NÚMERO DE CONTROL
campo de control 154397
003 - IDENTIFICADOR DE NÚMERO DE CONTROL
campo de control ES-MaACL
005 - FECHA Y HORA DE LA ÚLTIMA TRANSACCIÓN
campo de control 20230906205717.0
008 - DATOS DE LONGITUD FIJA--INFORMACIÓN GENERAL
campo de control de longitud fija 960510s1891 sp |||| | spa d
040 ## - FUENTE DE CATALOGACIÓN
Centro catalogador/agencia de origen CLM
Lengua de catalogación spa
Centro/agencia transcriptor CLM
100 1# - ENTRADA PRINCIPAL--NOMBRE DE PERSONA
Nombre de persona Gómez, Juan Gualberto.
9 (RLIN) 57774
245 13 - MENCIÓN DEL TÍTULO
Título La isla de Puerto-Rico
Resto del título : (primera parte) bosquejo histórico (desde la conquista hasta principios de 1891) /
Mención de responsabilidad, etc. por Juan Gualberto Gómez y Antonio Sendras y Burin.
260 ## - PUBLICACIÓN, DISTRIBUCIÓN, ETC.
Lugar de publicación, distribución, etc. Madrid :
Nombre del editor, distribuidor, etc. [s.n.],
Fecha de publicación, distribución, etc. 1891 (
Fabricante imprenta de José Gil y Navarro)
300 ## - DESCRIPCIÓN FÍSICA
Extensión [6], 199, [9] p. ;
Dimensiones 21 cm.
530 ## - NOTA DISPONIBLE DE FORMULARIO FÍSICO ADICIONAL
Nota de formato físico adicional disponible Disponible en formato digital.
597 ## - NOTA DE DESCRIPCIÓN FÍSICA
NOTA DE DESCRIPCIÓN FÍSICA Antep.
651 #4 - PUNTO DE ACCESO ADICIONAL DE MATERIA--NOMBRE GEOGRÁFICO
Nombre geográfico Puerto Rico-
Subdivisión general Historia-
Subdivisión cronológica 1511-1898, Época colonial.
9 (RLIN) 155352
700 21 - ENTRADA AGREGADA--NOMBRE PERSONAL
Nombre de persona Sendras y Burin, Antonio.
9 (RLIN) 132645
852 ## - LOCALIZACIÓN
Ubicación ES-MaACL
Número de control de estantería T-809-F-2
Nota libre -- Enc. hol., conservando la cub. original
-- -- Enc. varias obras en un vol. facticio
Encuadernación -- Edic.: según Palau, aunque en port. conste "primera parte" es única
856 ## - LOCALIZACIÓN Y ACCESO ELECTRÓNICOS
Identificador Uniforme de Recursos <a href="http://bdh-rd.bne.es/viewer.vm?id=0000078173&page=1 ">http://bdh-rd.bne.es/viewer.vm?id=0000078173&page=1 </a>
Nota pública Biblioteca Digital Hispánica
Holdings
Estatus retirado Estado de pérdida Estado de daño No para préstamo Colección Biblioteca de origen Biblioteca actual Ubicación en estantería Fecha de adquisición Total de préstamos Signatura topográfica completa Código de barras Visto por última vez Precio de reemplazo Tipo de ítem Koha
        Colección de folletos Biblioteca del Ateneo de Madrid Biblioteca del Ateneo de Madrid Depósito folletos 17/01/2008   T-809-F-2 1161459 23/02/2023 23/02/2023 Folleto